Let Us C (Record no. 194541)
[ view plain ]
| 000 -LEADER | |
|---|---|
| fixed length control field | 01068 a2200181 4500 |
| 003 - CONTROL NUMBER IDENTIFIER | |
| control field | Nust |
| 005 - DATE AND TIME OF LATEST TRANSACTION | |
| control field | 20170207154148.0 |
| 040 ## - CATALOGING SOURCE | |
| Transcribing agency | Nust |
| 082 ## - DEWEY DECIMAL CLASSIFICATION NUMBER | |
| Classification number | 005.133 |
| 100 ## - MAIN ENTRY--PERSONAL NAME | |
| Personal name | P Kantkar, Yashavant |
| 245 ## - TITLE STATEMENT | |
| Title | Let Us C |
| Medium | Yashavant P Kantkar |
| 250 ## - EDITION STATEMENT | |
| Edition statement | 3rd Ed |
| 260 ## - PUBLICATION, DISTRIBUTION, ETC. | |
| Place of publication, distribution, etc. | Delhi |
| Name of publisher, distributor, etc. | BPB |
| Date of publication, distribution, etc. | 1999 |
| 300 ## - PHYSICAL DESCRIPTION | |
| Extent | 772 p |
| 505 ## - FORMATTED CONTENTS NOTE | |
| Formatted contents note | Getting Started (Page-1) The Decision Control Structure (Page-37) The Loop Control Structure (Page-71) The Case Control Structure (Page-103) Functions (Page-121) Data Types Revisited (Page-167) The C Preprocessor (Page-191) Arrays (Page-213) Puppetting on Strings (Page-261) Structures (Page-289) Input/ Output (Page-313) Fundamental Computer Concepts (Page-397) Operating Systems Fundamentals(Page-415) Disk Basics (Page-435) VDU Basics (Page-459) Keyboard Basics (Page-495) Interaction With Hardware Through C (Page-505) Operations on Bits (Page-537) The Leftovers (Page-559) Graphics Programming (Page-581) Mouse Programming (Page-621) Additional Problems (Page-651) |
| 538 ## - SYSTEM DETAILS NOTE | |
| System details note | Almirah No.125 and Shelf No.2 |
| 650 ## - SUBJECT ADDED ENTRY--TOPICAL TERM | |
| Topical term or geographic name entry element | Let Us C |
| 942 ## - ADDED ENTRY ELEMENTS (KOHA) | |
| Source of classification or shelving scheme | |
| Koha item type | Book |
| Withdrawn status | Lost status | Source of classification or shelving scheme | Damaged status | Not for loan | Collection code | Permanent Location | Current Location | Date acquired | Total Checkouts | Full call number | Barcode | Date last seen | Price effective from | Koha item type |
|---|---|---|---|---|---|---|---|---|---|---|---|---|---|---|
| Military College of Signals (MCS) | Military College of Signals (MCS) | 12/12/2016 | 005.133 KAN | MCS18440 | 12/08/2016 | 12/12/2016 | Book | |||||||
| Military College of Signals (MCS) | Military College of Signals (MCS) | 12/12/2016 | 005.133 KAN | MCS18807 | 12/08/2016 | 12/12/2016 | Book | |||||||
| Military College of Signals (MCS) | Military College of Signals (MCS) | 12/12/2016 | 005.133 KAN | MCS18823 | 12/08/2016 | 12/12/2016 | Book | |||||||
| Military College of Signals (MCS) | Military College of Signals (MCS) | 12/12/2016 | 005.133 KAN | MCS18839 | 12/08/2016 | 12/12/2016 | Book | |||||||
| Military College of Signals (MCS) | Military College of Signals (MCS) | 12/12/2016 | 005.133 KAN | MCS18878 | 12/08/2016 | 12/12/2016 | Book |
